Nations of the First Coalition - Statistics

General Stats
  • This quiz has been taken 20 times
  • The average score is 11 of 14
Answer Stats
Years involved Nation % Correct
1792-1797 Austria
94%
1795-1797 Batavian Republic
94%
1792-1795 Dutch Republic
94%
1792-1797 France
94%
1792-1797 Great Britain
94%
1792-1795 Prussia
94%
1792-1797 Portugal
88%
1792-1797 Spain
88%
1792-1796 Naples
81%
1792-1797 Bavaria
63%
1792-1796 Sardinia
56%
1792-1797 Saxony
50%
1792-1797 Hanover
44%
1792-1797 Hesse-Kassel
19%
No matching quizzes found
Score Distribution
Percent of People with Each Score
Percentile by Number Answered
Your Score History
You have not taken this quiz